| 000 | 00632nam a2200145Ia 4500 | ||
|---|---|---|---|
| 008 | 100204s9999 xx 000 0 und d | ||
| 082 | _b7470 | ||
| 100 | _aखाडीलकर उषा | ||
| 245 | _aकविता काजळलेली आणि उपाशी उन्माद | ||
| 260 |
_b"गृहलक्ष्मी प्रकाशन, मुंबई 4" _c1985 |
||
| 300 | _a88+92 | ||
| 630 | _aकविता काजळलेली आणि उपाशी उन्माद | ||
| 730 | _aकविता काजळलेली आणि उपाशी उन्माद | ||
| 942 | _cBOOK | ||
| 999 |
_c451906 _d451903 |
||